000 01080cam a22002651i 4500
003 SA-RiAUC
005 20241210065433.0
008 241206s1999 le g 000 0 ara c
040 _aSA-JeALM
_bara
_cSA-RiAUC.
_erda
082 0 4 _a212
090 _a212
_bم ر د
100 1 _aالمرداوي، محمد بن عبد القوي بن بدران،
_d630-699 هجري
_eمؤلف.
245 1 2 _aالألفية في الآداب الشرعية /
_cمحمد بن عبد القوي المرداوي؛ ضبطها محمد ناصر العجمي.
250 _aالطبعة الثانية منقحة.
264 1 _aبيروت :
_bدار البشائر الإسلامية،
_c2000
300 _aصفحة
336 _aنص
_btxt
_2rdacontent
_3كتاب
337 _aبدون وسيط
_bn
_2rdamedia
338 _aمجلد
_bnc
_2rdacarrier
650 7 _aالآداب الإسلامية
_2aucsh
650 7 _aالأخلاق الإسلامية
_2aucsh
700 _aالعجمي, محمد ناصر.
_eضبطها.
942 _2ddc
_cBOOK
_n0
949 _aSA-JeALM
_d241206
_umohamedma123
_n1
999 _c3236
_d3236